<?xml version='1.0' encoding='UTF-8'?>
  <record xmlns="http://www.loc.gov/MARC21/slim">
    <leader>00000cam a2200000 i 4500</leader>
    <controlfield tag="001">on1184154810</controlfield>
    <controlfield tag="003">OCoLC</controlfield>
    <controlfield tag="005">20251117053629.2</controlfield>
    <controlfield tag="007">t|</controlfield>
    <controlfield tag="008">200818s1499    gw            001 0 lat d</controlfield>
    <datafield tag="040" ind1=" " ind2=" ">
      <subfield code="a">ERL</subfield>
      <subfield code="b">eng</subfield>
      <subfield code="e">rda</subfield>
      <subfield code="e">dcrmr</subfield>
      <subfield code="c">ERL</subfield>
      <subfield code="d">OCLCL</subfield>
      <subfield code="d">OCLCQ</subfield>
      <subfield code="d">QGJ</subfield>
      <subfield code="d">OCLCA</subfield>
      <subfield code="d">QGJ</subfield>
    </datafield>
    <datafield tag="035" ind1=" " ind2=" ">
      <subfield code="a">(OCoLC)1184154810</subfield>
    </datafield>
    <datafield tag="100" ind1="0" ind2=" ">
      <subfield code="a">Guilelmus Peraldus,</subfield>
      <subfield code="d">approximately 1190-1271,</subfield>
      <subfield code="e">author.</subfield>
      <subfield code="4">aut</subfield>
      <subfield code="1">https://id.oclc.org/worldcat/entity/E39PBJyRwV4JGYf4TrDffWvmBP</subfield>
    </datafield>
    <datafield tag="245" ind1="1" ind2="0">
      <subfield code="a">Sermones dominicales ex epistolis et euangelys atq[ue] de sanctis s[ecundu]m ecclesie ordine[m] Wilhelmi cancellary Parisiensis.</subfield>
    </datafield>
    <datafield tag="246" ind1="1" ind2=" ">
      <subfield code="i">Title according to ISTC, GW and IDL:</subfield>
      <subfield code="a">Sermones de tempore et de sanctis</subfield>
    </datafield>
    <datafield tag="246" ind1="1" ind2=" ">
      <subfield code="i">Title part 2:</subfield>
      <subfield code="a">Sermones dominicales ex euangelys Wilhelmi parisiensis</subfield>
    </datafield>
    <datafield tag="246" ind1="1" ind2=" ">
      <subfield code="i">Title part 3:</subfield>
      <subfield code="a">Sermones de sanctis Wilhelmi Parisiensis</subfield>
    </datafield>
    <datafield tag="264" ind1=" " ind2="1">
      <subfield code="a">Thubing[e]n :</subfield>
      <subfield code="b">Expensis Friderici meynberger et ductu magistri Joha[n]nis Otmar,</subfield>
      <subfield code="c">feria tercia post Inuocavit. Anno 99. [18 Feb. [14]99]</subfield>
    </datafield>
    <datafield tag="300" ind1=" " ind2=" ">
      <subfield code="a">3 parts in 1 volume ([130], [162], [98] leaves ;</subfield>
      <subfield code="c">29 cm (folio)</subfield>
    </datafield>
    <datafield tag="336" ind1=" " ind2=" ">
      <subfield code="a">text</subfield>
      <subfield code="b">txt</subfield>
      <subfield code="2">rdacontent</subfield>
    </datafield>
    <datafield tag="337" ind1=" " ind2=" ">
      <subfield code="a">unmediated</subfield>
      <subfield code="b">n</subfield>
      <subfield code="2">rdamedia</subfield>
    </datafield>
    <datafield tag="338" ind1=" " ind2=" ">
      <subfield code="a">volume</subfield>
      <subfield code="b">nc</subfield>
      <subfield code="2">rdacarrier</subfield>
    </datafield>
    <datafield tag="340" ind1=" " ind2=" ">
      <subfield code="m">folio</subfield>
      <subfield code="2">rdabf</subfield>
    </datafield>
    <datafield tag="340" ind1=" " ind2=" ">
      <subfield code="k">2 columns</subfield>
    </datafield>
    <datafield tag="500" ind1=" " ind2=" ">
      <subfield code="a">By Gulielmus Peraldus. By editor Heinrich Bebel attributed to William of Auvergne, bishop of Paris.</subfield>
    </datafield>
    <datafield tag="500" ind1=" " ind2=" ">
      <subfield code="a">Title from title page (part 1, leaf A1 recto).</subfield>
    </datafield>
    <datafield tag="500" ind1=" " ind2=" ">
      <subfield code="a">Title is followed by epigram by Heinrich Bebel, with first line: Tempore aristotelis macedum rex ipse philippus</subfield>
    </datafield>
    <datafield tag="500" ind1=" " ind2=" ">
      <subfield code="a">Publication statement from colophon (part 3, leaf ll8 recto), which reads: ... Ad hanc dedicationem perducat nos dominus noster iē[sou]s christus Amen. Et sic finem sumit sermologus Guilelmi Parisiensis. Expensis Friderici meynberger et ductu magistri Joha[n]nis Otmar in Thubing[e]n feliciter exact[us] feria tercia post Inuocavit. Anno 99.</subfield>
    </datafield>
    <datafield tag="500" ind1=" " ind2=" ">
      <subfield code="a">Part 1, leaf A1 verso: Letter by Heinrich Bebel to Andreas Proles: Ad Reuerendu[m] patrem. excellentissimu[m]q[ue] verbi diuini [con]cionatore[m] Andrea[m] proles theologu[m]. et reformate [con]gregat[i]o[n]is fratru[m] heremitaru[m] sancti Augustini p[er] alema[n]nia[m] reuere[n]dissimi p[rior]is generalis vicariu[m] Epistola Heinrici Bebelij Justigen[sis.</subfield>
    </datafield>
    <datafield tag="500" ind1=" " ind2=" ">
      <subfield code="a">Includes table of contents and index, with separate title page (part 1, leaf AA1 recto): Registrum Sermonu[m] Wilhelmi Parisiensis. Index by Wendelinus Steinbach. Separate indices for part 2 and 3.</subfield>
    </datafield>
    <datafield tag="500" ind1=" " ind2=" ">
      <subfield code="a">First line main text part 1 (leaf A2 recto): Dominica I. aduentus. Sermon. I. [H]Ora est iam nos de som[no] su[rgere]. Ro. xiij. At head of page: Dominica. i. Aduentus</subfield>
    </datafield>
    <datafield tag="500" ind1=" " ind2=" ">
      <subfield code="a">Part 1, leaf AA1 verso: Phaleuticus Heinrici Bebelij Justingensis Ad doctorem Vendelinu[m] Stainbach theologie specimen et ornamentu[m]. pro Indice ab eo composito In homilialogum domini Guilielmi parrhisiensis. Followed by a hendecasyllable, with first line: Disertissime Uendeline patrum</subfield>
    </datafield>
    <datafield tag="500" ind1=" " ind2=" ">
      <subfield code="a">Title on title page part 2 (leaf a1 recto): Sermones dominicales ex euangelys Wilhelmi parisiensis</subfield>
    </datafield>
    <datafield tag="500" ind1=" " ind2=" ">
      <subfield code="a">Part 2 leaf a1 verso: epigram in elegiac distichs by Heinrich Bebel, with first line: Sermones quicunq[ue] cupis studiose sacerdos</subfield>
    </datafield>
    <datafield tag="500" ind1=" " ind2=" ">
      <subfield code="a">First line main text part 2 (leaf a2 recto): Dominica p[ri]ma in adventu domini, Sermo I. [D]Icite filie syon ecce rex tuus venis mansuetus. At head of page: Dominica. i. Aduentus</subfield>
    </datafield>
    <datafield tag="500" ind1=" " ind2=" ">
      <subfield code="a">Title on title page part 3 (leaf aa1 recto): Sermones de sanctis Wilhelmi Parisiensis</subfield>
    </datafield>
    <datafield tag="500" ind1=" " ind2=" ">
      <subfield code="a">First line main text part 3 (leaf aa2 recto): [C]Orde creditur ad iusticia[m]. At head of page: De sancto Andrea sermo i.</subfield>
    </datafield>
    <datafield tag="500" ind1=" " ind2=" ">
      <subfield code="a">Text printed in two columns.</subfield>
    </datafield>
    <datafield tag="500" ind1=" " ind2=" ">
      <subfield code="a">Capital spaces without guide letters.</subfield>
    </datafield>
    <datafield tag="500" ind1=" " ind2=" ">
      <subfield code="a">Signatures part 1: A-N⁸ O ⁶ P⁸ AA-BB⁶; p8v, and BB6v are blank.</subfield>
    </datafield>
    <datafield tag="500" ind1=" " ind2=" ">
      <subfield code="a">Signatures part 2: a-g⁸ h⁶ i-q⁸ r⁶ s-t⁸ &lt;1–3&gt;⁶ &lt;4–7&gt;⁸. The first of the two last gatherings, both containing the registrum, comprises six leaves, of which the first to third are signed 1, 2, and 3, respectively. The second of the two last gatherings comprises 8 leaves, of which the first to fourth are signed 4, 5, 6, and 7, respectively.</subfield>
    </datafield>
    <datafield tag="500" ind1=" " ind2=" ">
      <subfield code="a">Signatures part 3: aa-ll⁸ &lt;22–55&gt;¹⁰. The last gathering, containing the registrum, comprises ten leaves, of which the second to fifth are signed 22, 33, 44, and 55, respectively. Leaf aa1v, ll8v, and last leaf of last gathering are blank.</subfield>
    </datafield>
    <datafield tag="505" ind1="0" ind2="0">
      <subfield code="g">[I.]</subfield>
      <subfield code="t">Sermones de tempore super epistolas --</subfield>
      <subfield code="g">[II.]</subfield>
      <subfield code="t">Sermones de tempore super evangelia --</subfield>
      <subfield code="g">[III.]</subfield>
      <subfield code="t">Sermones de sanctis.</subfield>
    </datafield>
    <datafield tag="510" ind1="4" ind2=" ">
      <subfield code="a">Incunabula Short Title Catalogue,</subfield>
      <subfield code="c">ip00082000</subfield>
      <subfield code="u">https://data.cerl.org/istc/ip00082000</subfield>
    </datafield>
    <datafield tag="510" ind1="4" ind2=" ">
      <subfield code="a">Gesamtkatalog der Wiegendrucke,</subfield>
      <subfield code="c">12048</subfield>
      <subfield code="u">https://www.gesamtkatalogderwiegendrucke.de/docs/GW12048.htm</subfield>
    </datafield>
    <datafield tag="510" ind1="4" ind2=" ">
      <subfield code="a">Incunabula in Dutch Libraries,</subfield>
      <subfield code="c">3532</subfield>
    </datafield>
    <datafield tag="510" ind1="4" ind2=" ">
      <subfield code="a">Bayerische Staatsbibliothek Inkunabelkatalog,</subfield>
      <subfield code="c">G-521</subfield>
      <subfield code="u">https://inkunabeln.digitale-sammlungen.de/Ausgabe_G-521.html</subfield>
    </datafield>
    <datafield tag="510" ind1="4" ind2=" ">
      <subfield code="a">Hain, L. Repertorium bibliographicum,</subfield>
      <subfield code="c">8323*</subfield>
    </datafield>
    <datafield tag="510" ind1="4" ind2=" ">
      <subfield code="a">Typenrepertorium der Wiegendrucke,</subfield>
      <subfield code="c">ma06959</subfield>
      <subfield code="u">https://tw.staatsbibliothek-berlin.de/ma06959</subfield>
    </datafield>
    <datafield tag="510" ind1="4" ind2=" ">
      <subfield code="a">Typenrepertorium der Wiegendrucke,</subfield>
      <subfield code="c">ma06963</subfield>
      <subfield code="u">https://tw.staatsbibliothek-berlin.de/ma06963</subfield>
    </datafield>
    <datafield tag="510" ind1="4" ind2=" ">
      <subfield code="a">Typenrepertorium der Wiegendrucke,</subfield>
      <subfield code="c">ma06965</subfield>
      <subfield code="u">https://tw.staatsbibliothek-berlin.de/ma06965</subfield>
    </datafield>
    <datafield tag="546" ind1=" " ind2=" ">
      <subfield code="b">Typeface: 7*:150G, 11:66G, 13:80G</subfield>
    </datafield>
    <datafield tag="650" ind1=" " ind2="0">
      <subfield code="a">Sermons, Latin</subfield>
      <subfield code="v">Early works to 1800.</subfield>
    </datafield>
    <datafield tag="610" ind1="2" ind2="0">
      <subfield code="a">Catholic Church</subfield>
      <subfield code="v">Sermons.</subfield>
    </datafield>
    <datafield tag="650" ind1=" " ind2="6">
      <subfield code="a">Sermons latins</subfield>
      <subfield code="v">Ouvrages avant 1800.</subfield>
    </datafield>
    <datafield tag="610" ind1="2" ind2="6">
      <subfield code="a">Église catholique</subfield>
      <subfield code="v">Sermons.</subfield>
    </datafield>
    <datafield tag="610" ind1="2" ind2="7">
      <subfield code="a">Catholic Church</subfield>
      <subfield code="2">fast</subfield>
    </datafield>
    <datafield tag="650" ind1=" " ind2="7">
      <subfield code="a">Sermons, Latin</subfield>
      <subfield code="2">fast</subfield>
    </datafield>
    <datafield tag="655" ind1=" " ind2="7">
      <subfield code="a">incunabula (books)</subfield>
      <subfield code="2">aat</subfield>
    </datafield>
    <datafield tag="655" ind1=" " ind2="7">
      <subfield code="a">Early works</subfield>
      <subfield code="2">fast</subfield>
    </datafield>
    <datafield tag="655" ind1=" " ind2="7">
      <subfield code="a">Sermons</subfield>
      <subfield code="2">fast</subfield>
    </datafield>
    <datafield tag="655" ind1=" " ind2="7">
      <subfield code="a">Incunabula.</subfield>
      <subfield code="2">lcgft</subfield>
    </datafield>
    <datafield tag="655" ind1=" " ind2="7">
      <subfield code="a">Incunables.</subfield>
      <subfield code="2">rvmgf</subfield>
    </datafield>
    <datafield tag="700" ind1="1" ind2=" ">
      <subfield code="a">Bebel, Heinrich,</subfield>
      <subfield code="d">1472-1518,</subfield>
      <subfield code="e">editor,</subfield>
      <subfield code="e">contributor.</subfield>
      <subfield code="4">edt</subfield>
      <subfield code="4">ctb</subfield>
      <subfield code="1">https://id.oclc.org/worldcat/entity/E39PBJbCKgTFgpDbxYx9g8rTHC</subfield>
    </datafield>
    <datafield tag="700" ind1="0" ind2=" ">
      <subfield code="a">William,</subfield>
      <subfield code="c">of Auvergne, Bishop of Paris,</subfield>
      <subfield code="d">1180-1249,</subfield>
      <subfield code="e">attributed name.</subfield>
      <subfield code="4">att</subfield>
      <subfield code="1">https://id.oclc.org/worldcat/entity/E39PBJtcMrBxCDJggWmyypRBT3</subfield>
    </datafield>
    <datafield tag="700" ind1="1" ind2=" ">
      <subfield code="a">Proles, Andreas,</subfield>
      <subfield code="d">1429-1503,</subfield>
      <subfield code="e">dedicatee.</subfield>
      <subfield code="4">dte</subfield>
      <subfield code="1">https://id.oclc.org/worldcat/entity/E39PBJpYtRFWvjCY4KwvRtGfv3</subfield>
    </datafield>
    <datafield tag="700" ind1="1" ind2=" ">
      <subfield code="a">Steinbach, Wendelin,</subfield>
      <subfield code="d">1454-1519,</subfield>
      <subfield code="e">contributor.</subfield>
      <subfield code="4">ctb</subfield>
      <subfield code="1">https://id.oclc.org/worldcat/entity/E39PBJwMB4qm4YhYfD4MkcWFKd</subfield>
    </datafield>
    <datafield tag="700" ind1="1" ind2=" ">
      <subfield code="a">Meynberger, Friedrich,</subfield>
      <subfield code="d">active 1499-1501,</subfield>
      <subfield code="e">publisher.</subfield>
      <subfield code="4">pbl</subfield>
      <subfield code="1">https://id.oclc.org/worldcat/entity/E39PCjwGfT3pK8xH6KrFCYWkpd</subfield>
    </datafield>
    <datafield tag="700" ind1="1" ind2=" ">
      <subfield code="a">Otmar, Johann,</subfield>
      <subfield code="d">active 1482-1517,</subfield>
      <subfield code="e">printer.</subfield>
      <subfield code="4">prt</subfield>
      <subfield code="1">https://id.oclc.org/worldcat/entity/E39PBJj8MHXd7yr7xjmFKkjcT3</subfield>
    </datafield>
    <datafield tag="752" ind1=" " ind2=" ">
      <subfield code="a">Germany</subfield>
      <subfield code="d">Tübingen,</subfield>
      <subfield code="e">publication place.</subfield>
      <subfield code="4">pup</subfield>
    </datafield>
    <datafield tag="758" ind1=" " ind2=" ">
      <subfield code="i">has work:</subfield>
      <subfield code="a">Sermones dominicales ex epistolis et evangelys atque de sanctis secundum ecclesie ordinem Wilhelmi cancellary Parisiensis (Text)</subfield>
      <subfield code="1">https://id.oclc.org/worldcat/entity/E39PCXPRmC8GjFpYVTjHMy9TkC</subfield>
      <subfield code="4">https://id.oclc.org/worldcat/ontology/hasWork</subfield>
    </datafield>
    <datafield tag="936" ind1=" " ind2=" ">
      <subfield code="a">BATCHLOAD</subfield>
    </datafield>
  </record>